The sick African (Record no. 57442)

MARC details
000 -LEADER
fixed length control field 00535nam a2200157 a 4500
008 - FIXED-LENGTH DATA ELEMENTS--GENERAL INFORMATION
fixed length control field 120416s1957 ||||||||||||||||| || u
050 ## - LIBRARY OF CONGRESS CALL NUMBER
Classification number RC 962.A31 Gel
100 ## - MAIN ENTRY--PERSONAL NAME
Personal name Gelfand, M
245 14 - TITLE STATEMENT
Title The sick African
246 ## - VARYING FORM OF TITLE
Title proper/short title a clinical study
250 ## - EDITION STATEMENT
Edition statement 3rd ed.
260 ## - PUBLICATION, DISTRIBUTION, ETC.
Place of publication, distribution, etc. Cape Town
Name of publisher, distributor, etc. Juta and Compamny
Date of publication, distribution, etc. 1957
300 ## - PHYSICAL DESCRIPTION
Extent 866p. : ill.
350 ## - PRICE (NR) (BK AM CF MU VM SE) [OBSOLETE]
Price 0.00
995 ## - RECOMMENDATION 995 [LOCAL, UNIMARC FRANCE]
-- 0.00
-- CBU-MAIN LIBRARY (Kitwe)
-- 1
-- 4.50
-- 1
-- AVAILABLE
-- Apr 19, 2007
-- Annex Low-Usage Collection
Holdings
Withdrawn status Lost status Source of classification or shelving scheme Damaged status Not for loan Home library Current library Shelving location Date acquired Total Checkouts Full call number Barcode Date last seen Price effective from Koha item type
          CBU-MAIN LIBRARY, KITWE. CBU-MAIN LIBRARY, KITWE.   11/30/2022   RC 962.A31 Gel 013171 11/30/2022 11/30/2022 MONOGRAPH